000 00195 a2200097 4500
020 _a078073003990
041 _aspa
100 _aMarzollo, Jean
245 _aCompaęros en el futbol
942 _cBK
999 _c10387
_d10387